000
00252nam a2200097Ia 4500
005
20251222114359.0
008
251222s1900||||xx |||||||||||||| ||spa||
082
_a
DVD0099/R16/2014/T.4
245
0
_a
La Primera Guerra Mundial cumple 100 aƱos:
942
_c
DVD
999
_c
1577
_d
1577